00517nam a2200193 a 4500001001300000003000900013005001700022008004100039020001000080082001800090100002500108245005500133260003900188300000900227500003500236505001000271650001700281700002500298nice12345678IN_TiNIC20260116011439.0050524s1936 alma grp 000 0 eng  ac4.500a294.5921bVIR aVireswarandan, Swami aBrahma-Sutras (with English Translation and Notes) aAlmorabSwami Vireswaranandac1936 a542p aincludes index and biblioraphy2 aIndex aBrahmasutras1 aVireswarandan, Swami